مكتبة جامعة عجلون الوطنية

فهرس بحث المكتبة

Normal view MARC view
  • تطبيق المعايير - جائزة الملك عبدالله الثاني - شركة الكهرباء - اربد - الاردن

Entry Topical Term

Number of records used in: 1

001 - CONTROL NUMBER

  • control field: 59688

003 - CONTROL NUMBER IDENTIFIER

  • control field: JO-AjAnu

005 - DATE AND TIME OF LATEST TRANSACTION

  • control field: 20230606083747.0

008 - FIXED-LENGTH DATA ELEMENTS

  • fixed length control field: 230606|| aca||aabn | a|a d

040 ## - CATALOGING SOURCE

  • Original cataloging agency: JO-AjAnu
  • Transcribing agency: JO-AjAnu

150 ## - HEADING--TOPICAL TERM

  • Topical term or geographic name entry element: تطبيق المعايير - جائزة الملك عبدالله الثاني - شركة الكهرباء - اربد - الاردن

670 ## - SOURCE DATA FOUND

  • Source citation: Work cat.: (JO-AjAnu)30440: اعداد: بطاينة، عبدالمهدي احمد جابر؛ اشراف: محمود علي الروسان, author 59687, اثر تطبيق معايير جائزة الملك عبدالله الثاني للتميز على الالتزام التنظيمي في شركة كهرباء محافظة اربد = The Impact of Implementation"King Abdullah II Award for Excellence Criteria" on The Organizational Commitment in Irbid Electricity Company